[Event "Portugal Open 2020"]
[Site "Lisboa POR"]
[Date "2020.01.30"]
[Round "7.9"]
[White "JANIK, Igor"]
[Black "BASHIRLI, Nail"]
[Result "1-0"]
[BlackElo "2379"]
[WhiteElo "2453"]
[LiveChessVersion "1.4.8"]

1. e4 {[%clk 1:30:59]} c5 {[%clk 1:30:38]} 2. Nf3 {[%clk 1:31:15]} d6
{[%clk 1:30:46]} 3. d4 {[%clk 1:31:37]} cxd4 {[%clk 1:31:12]} 4. Nxd4
{[%clk 1:31:59]} Nf6 {[%clk 1:31:37]} 5. Nc3 {[%clk 1:32:21]} Nc6
{[%clk 1:32:04]} 6. Bg5 {[%clk 1:32:41]} e6 {[%clk 1:32:29]} 7. Qd2
{[%clk 1:32:50]} a6 {[%clk 1:32:41]} 8. O-O-O {[%clk 1:33:08]} Bd7
{[%clk 1:33:08]} 9. f4 {[%clk 1:33:26]} Be7 {[%clk 1:33:32]} 10. Nf3
{[%clk 1:33:46]} b5 {[%clk 1:33:57]} 11. Bxf6 {[%clk 1:34:01]} gxf6
{[%clk 1:34:18]} 12. Bd3 {[%clk 1:34:24]} Qb6 {[%clk 1:32:11]} 13. Kb1
{[%clk 1:33:56]} O-O-O {[%clk 1:32:31]} 14. Rhe1 {[%clk 1:34:03]} Kb7
{[%clk 1:32:54]} 15. f5 {[%clk 1:33:12]} Ne5 {[%clk 1:27:37]} 16. Ne2
{[%clk 1:20:48]} Rhg8 {[%clk 1:19:09]} 17. Nf4 {[%clk 1:08:42]} Bf8
{[%clk 1:17:36]} 18. Nh5 {[%clk 1:05:04]} Ng4 {[%clk 1:16:15]} 19. Bf1
{[%clk 1:00:27]} Bh6 {[%clk 1:08:36]} 20. Qxd6 {[%clk 0:58:14]} Qxd6
{[%clk 0:54:15]} 21. Rxd6 {[%clk 0:58:25]} exf5 {[%clk 0:52:22]} 22. Nxf6
{[%clk 0:51:46]} Nxf6 {[%clk 0:46:08]} 23. Rxf6 {[%clk 0:52:10]} fxe4
{[%clk 0:46:04]} 24. Rxe4 {[%clk 0:47:10]} Be6 {[%clk 0:27:00]} 25. Bd3
{[%clk 0:44:54]} Rg6 {[%clk 0:23:25]} 26. Rxg6 {[%clk 0:44:27]} hxg6
{[%clk 0:23:50]} 27. a4 {[%clk 0:43:40]} Bf8 {[%clk 0:22:51]} 28. axb5
{[%clk 0:43:31]} axb5 {[%clk 0:23:14]} 29. Re1 {[%clk 0:43:50]} Bd7
{[%clk 0:15:07]} 30. Ne5 {[%clk 0:39:41]} Be8 {[%clk 0:15:33]} 31. g4
{[%clk 0:39:09]} Bg7 {[%clk 0:11:43]} 32. Nxg6 {[%clk 0:37:31]} Kc7
{[%clk 0:11:03]} 33. Nf4 {[%clk 0:35:46]} Kd6 {[%clk 0:10:39]} 34. Nh5
{[%clk 0:32:05]} Be5 {[%clk 0:11:04]} 35. Ng3 {[%clk 0:32:27]} Bd7
{[%clk 0:07:59]} 36. Ne4+ {[%clk 0:29:08]} Kc6 {[%clk 0:07:00]} 37. Ng5
{[%clk 0:28:05]} Bxh2 {[%clk 0:07:16]} 38. Nxf7 {[%clk 0:28:25]} Re8
{[%clk 0:06:54]} 39. Rh1 {[%clk 0:28:34]} Bf4 {[%clk 0:01:58]} 40. Rf1
{[%clk 0:27:58]} Bc7 {[%clk 0:01:40]} 41. g5 {[%clk 0:27:50]} Bh3
{[%clk 0:01:37]} 42. Rf6+ {[%clk 0:27:51]} Re6 {[%clk 0:00:56]} 43. Rh6
{[%clk 0:24:24]} Bg4 {[%clk 0:01:23]} 44. c3 {[%clk 0:23:17]} Kd5
{[%clk 0:00:50]} 45. Rh1 {[%clk 0:20:07]} Re3 {[%clk 0:00:52]} 46. Kc2
{[%clk 0:20:07]} Rg3 {[%clk 0:00:45]} 47. g6 {[%clk 0:19:42]} Rg2+
{[%clk 0:00:41]} 48. Kb1 {[%clk 0:20:06]} b4 {[%clk 0:00:37]} 49. cxb4
{[%clk 0:19:06]} Be6 {[%clk 0:00:37]} 50. Rc1 {[%clk 0:18:48]} Kd4
{[%clk 0:00:34]} 51. Rd1 {[%clk 0:17:55]} Ke3 {[%clk 0:00:34]} 52. Re1+
{[%clk 0:18:02]} Kxd3 {[%clk 0:01:00]} 53. Rxe6 {[%clk 0:18:29]} Bf4
{[%clk 0:01:06]} 54. Rc6 {[%clk 0:18:02]} Be3 {[%clk 0:00:43]} 55. Ne5+
{[%clk 0:16:33]} Kd4 {[%clk 0:00:35]} 56. Nc4 {[%clk 0:16:50]} Rg1+
{[%clk 0:00:39]} 57. Ka2 {[%clk 0:17:09]} Kd5 {[%clk 0:01:07]} 58. b5
{[%clk 0:17:12]} Bc5 {[%clk 0:01:35]} 59. Nb6+ {[%clk 0:17:15]} Bxb6
{[%clk 0:01:25]} 60. Rxb6 {[%clk 0:17:40]} Kc5 {[%clk 0:01:53]} 61. Rf6
{[%clk 0:17:58]} Kxb5 {[%clk 0:02:19]} 62. Kb3 {[%clk 0:18:10]} Rg3+
{[%clk 0:02:47]} 63. Kc2 {[%clk 0:18:35]} Kc4 {[%clk 0:01:26]} 64. Kd2
{[%clk 0:18:05]} Kd4 {[%clk 0:00:55]} 65. Ke2 {[%clk 0:17:46]} Ke5
{[%clk 0:00:35]} 66. Rb6 {[%clk 0:18:10]} Ke4 {[%clk 0:00:44]} 67. Kf2
{[%clk 0:18:24]} Rg5 {[%clk 0:01:11]} 68. Rb4+ {[%clk 0:18:24]} Kd3
{[%clk 0:01:11]} 69. Rb3+ {[%clk 0:18:50]} 1-0

[Event "Portugal Open 2020"]
[Site "Lisboa POR"]
[Date "2020.01.30"]
[Round "7.10"]
[White "STACHOWIAK, Kamil"]
[Black "TABOAS RODRIGUEZ, Daniel"]
[Result "1/2-1/2"]
[BlackElo "2348"]
[WhiteElo "2446"]
[LiveChessVersion "1.4.8"]

1. d4 {[%clk 1:30:57]} Nf6 {[%clk 1:28:51]} 2. Nf3 {[%clk 1:31:19]} g6
{[%clk 1:29:17]} 3. g3 {[%clk 1:31:42]} b6 {[%clk 1:29:42]} 4. Bg2
{[%clk 1:32:00]} Bb7 {[%clk 1:30:04]} 5. O-O {[%clk 1:32:21]} Bg7
{[%clk 1:30:32]} 6. a4 {[%clk 1:28:12]} O-O {[%clk 1:28:23]} 7. a5
{[%clk 1:28:12]} c5 {[%clk 1:27:57]} 8. c3 {[%clk 1:23:59]} cxd4 {[%clk 1:24:06]}
9. cxd4 {[%clk 1:24:11]} bxa5 {[%clk 1:24:27]} 10. Nbd2 {[%clk 1:20:53]} Nc6
{[%clk 1:20:36]} 11. Nb3 {[%clk 1:17:37]} d6 {[%clk 1:14:19]} 12. Re1
{[%clk 0:51:08]} Qb6 {[%clk 1:08:42]} 13. e4 {[%clk 0:44:37]} Nb4
{[%clk 1:07:30]} 14. d5 {[%clk 0:43:26]} Ng4 {[%clk 1:05:56]} 15. Nfd4
{[%clk 0:43:03]} Ne5 {[%clk 0:58:12]} 16. Bf1 {[%clk 0:32:01]} Ned3
{[%clk 0:40:06]} 17. Bxd3 {[%clk 0:24:37]} Bxd4 {[%clk 0:40:28]} 18. Nxd4
{[%clk 0:24:41]} Qxd4 {[%clk 0:40:54]} 19. Bf1 {[%clk 0:24:41]} Qxd1
{[%clk 0:35:11]} 20. Rxd1 {[%clk 0:25:05]} Ba6 {[%clk 0:35:30]} 21. Bxa6
{[%clk 0:20:02]} Nxa6 {[%clk 0:35:55]} 22. Be3 {[%clk 0:20:24]} Rfb8
{[%clk 0:33:00]} 23. Rxa5 {[%clk 0:20:46]} Nc7 {[%clk 0:33:22]} 24. Rc1
{[%clk 0:17:58]} Rb7 {[%clk 0:32:48]} 25. Ra4 {[%clk 0:12:59]} f6
{[%clk 0:27:01]} 26. Rac4 {[%clk 0:12:38]} Nb5 {[%clk 0:25:09]} 27. h4
{[%clk 0:09:09]} Kf7 {[%clk 0:25:09]} 28. Kg2 {[%clk 0:08:51]} Rd8
{[%clk 0:16:23]} 29. Rb4 {[%clk 0:07:42]} Rdb8 {[%clk 0:15:13]} 30. Ra1
{[%clk 0:06:42]} Ke8 {[%clk 0:14:15]} 31. g4 {[%clk 0:05:59]} Kf7
{[%clk 0:14:19]} 32. Kg3 {[%clk 0:06:11]} Rc8 {[%clk 0:13:54]} 33. g5
{[%clk 0:05:10]} Rcb8 {[%clk 0:08:39]} 34. Kg4 {[%clk 0:03:38]} Rc8
{[%clk 0:08:36]} 35. h5 {[%clk 0:03:11]} gxh5+ {[%clk 0:08:46]} 36. Kxh5
{[%clk 0:03:40]} Rg8 {[%clk 0:07:51]} 37. f4 {[%clk 0:02:40]} Rbb8
{[%clk 0:05:43]} 38. Rc1 {[%clk 0:01:13]} a6 {[%clk 0:05:04]} 39. Rc6
{[%clk 0:01:22]} fxg5 {[%clk 0:04:39]} 40. fxg5 {[%clk 0:01:51]} Ra8
{[%clk 0:04:53]} 41. Ra4 {[%clk 0:01:42]} h6 {[%clk 0:05:05]} 42. gxh6
{[%clk 0:01:15]} Rg2 {[%clk 0:05:13]} 43. e5 {[%clk 0:01:04]} dxe5
{[%clk 0:05:33]} 44. Rg4 {[%clk 0:00:57]} Rh2+ {[%clk 0:05:44]} 45. Rh4
{[%clk 0:01:16]} Rxh4+ {[%clk 0:04:40]} 46. Kxh4 Nd6 47. Bg5 {[%clk 0:01:50]} Rb8
{[%clk 0:04:56]} 48. Rc7 {[%clk 0:01:00]} Kg6 {[%clk 0:04:56]} 49. Bxe7
{[%clk 0:00:50]} Nf5+ {[%clk 0:05:17]} 50. Kg4 {[%clk 0:00:59]} Nxh6+
{[%clk 0:05:15]} 51. Kf3 {[%clk 0:01:25]} Kf5 {[%clk 0:05:19]} 52. b4
{[%clk 0:00:55]} e4+ {[%clk 0:05:16]} 53. Ke3 {[%clk 0:00:45]} Ke5
{[%clk 0:05:38]} 54. d6 {[%clk 0:01:02]} Nf5+ {[%clk 0:06:03]} 55. Kd2
{[%clk 0:01:16]} Rxb4 {[%clk 0:02:38]} 56. Kc3 {[%clk 0:01:00]} Rd4
{[%clk 0:02:14]} 57. Rc5+ {[%clk 0:01:09]} Ke6 {[%clk 0:02:38]} 58. Ra5
{[%clk 0:00:34]} Rd3+ {[%clk 0:02:26]} 59. Kc4 {[%clk 0:00:33]} Nxd6+
{[%clk 0:02:44]} 60. Bxd6 {[%clk 0:00:50]} Rxd6 {[%clk 0:03:09]} 61. Rh5
{[%clk 0:01:16]} Kf6 {[%clk 0:02:25]} 62. Rh6+ {[%clk 0:01:24]} Ke5
{[%clk 0:02:50]} 63. Rxd6 {[%clk 0:01:47]} Kxd6 {[%clk 0:03:12]} 64. Kd4
{[%clk 0:02:17]} 1/2-1/2

[Event "Portugal Open 2020"]
[Site "Lisboa POR"]
[Date "2020.01.30"]
[Round "7.11"]
[White "DAMASO, Rui"]
[Black "BABA, Masahiro"]
[Result "1-0"]
[BlackElo "2274"]
[WhiteElo "2420"]
[LiveChessVersion "1.4.8"]

1. e4 {[%clk 0:51:03]} c5 {[%clk 1:30:51]} 2. Nc3 {[%clk 0:51:03]} d6
{[%clk 1:31:15]} 3. Nge2 {[%clk 0:49:51]} Nf6 {[%clk 1:30:39]} 4. d4
{[%clk 0:50:01]} cxd4 {[%clk 1:31:04]} 5. Nxd4 {[%clk 0:50:29]} a6
{[%clk 1:31:29]} 6. Bd3 {[%clk 0:50:32]} e5 {[%clk 1:29:36]} 7. Nf5
{[%clk 0:50:28]} Bxf5 {[%clk 1:25:30]} 8. exf5 {[%clk 0:50:52]} d5
{[%clk 1:25:47]} 9. Bg5 {[%clk 0:50:42]} Be7 {[%clk 1:21:00]} 10. Bxf6
{[%clk 0:50:42]} Bxf6 {[%clk 1:20:19]} 11. Be2 {[%clk 0:51:07]} d4
{[%clk 1:14:51]} 12. Ne4 {[%clk 0:51:30]} Nc6 {[%clk 1:14:39]} 13. O-O
{[%clk 0:50:12]} O-O {[%clk 1:09:31]} 14. Bd3 {[%clk 0:42:33]} Nb4
{[%clk 0:57:51]} 15. Qg4 {[%clk 0:32:49]} Rc8 {[%clk 0:55:57]} 16. Rfc1
{[%clk 0:24:21]} Qb6 {[%clk 0:55:51]} 17. b3 {[%clk 0:24:23]} Be7
{[%clk 0:42:48]} 18. Bc4 {[%clk 0:23:30]} Qh6 {[%clk 0:26:40]} 19. a3
{[%clk 0:20:15]} Nc6 {[%clk 0:24:20]} 20. Re1 {[%clk 0:15:24]} Rfd8
{[%clk 0:18:00]} 21. g3 {[%clk 0:14:25]} d3 {[%clk 0:13:45]} 22. Bxd3
{[%clk 0:14:16]} Nd4 {[%clk 0:14:09]} 23. Red1 {[%clk 0:13:20]} Bc5
{[%clk 0:12:54]} 24. b4 {[%clk 0:12:35]} Ba7 {[%clk 0:13:15]} 25. c3
{[%clk 0:11:41]} Nc6 {[%clk 0:09:26]} 26. Bc4 {[%clk 0:11:23]} Kf8
{[%clk 0:06:29]} 27. Rxd8+ {[%clk 0:10:19]} Nxd8 {[%clk 0:05:37]} 28. Rd1
{[%clk 0:10:32]} Rxc4 {[%clk 0:05:42]} 29. Rxd8+ {[%clk 0:10:56]} Ke7
{[%clk 0:05:57]} 30. f6+ {[%clk 0:08:09]} Kxd8 {[%clk 0:06:15]} 31. fxg7
{[%clk 0:08:35]} Bxf2+ {[%clk 0:04:27]} 32. Kg2 {[%clk 0:08:51]} Be3
{[%clk 0:03:36]} 33. g8=Q+ {[%clk 0:08:30]} Ke7 {[%clk 0:04:01]} 34. Qf5
{[%clk 0:08:24]} 1-0

[Event "Portugal Open 2020"]
[Site "Lisboa POR"]
[Date "2020.01.30"]
[Round "7.12"]
[White "MIHAJLOV, Sebastian"]
[Black "SAVANOVIC, Aleksandar"]
[Result "1-0"]
[BlackElo "2414"]
[WhiteElo "2374"]
[LiveChessVersion "1.4.8"]

1. e4 {[%clk 1:30:49]} e5 {[%clk 1:30:51]} 2. Nf3 {[%clk 1:31:09]} Nc6
{[%clk 1:31:15]} 3. Bc4 {[%clk 1:31:28]} Bc5 {[%clk 1:31:38]} 4. O-O
{[%clk 1:31:45]} Nf6 {[%clk 1:32:02]} 5. d4 {[%clk 1:30:48]} exd4
{[%clk 1:32:23]} 6. e5 {[%clk 1:31:08]} d5 {[%clk 1:32:46]} 7. exf6
{[%clk 1:29:50]} dxc4 {[%clk 1:33:10]} 8. fxg7 {[%clk 1:30:09]} Rg8
{[%clk 1:33:34]} 9. Bg5 {[%clk 1:30:28]} Be7 {[%clk 1:33:52]} 10. Re1
{[%clk 1:28:19]} Be6 {[%clk 1:34:13]} 11. Bxe7 {[%clk 1:28:40]} Kxe7
{[%clk 1:34:08]} 12. Re4 {[%clk 1:20:17]} d3 {[%clk 1:24:40]} 13. Nbd2
{[%clk 1:06:36]} dxc2 {[%clk 1:11:37]} 14. Qxc2 {[%clk 1:06:41]} Qd3
{[%clk 1:09:45]} 15. Qa4 {[%clk 1:03:30]} Rxg7 {[%clk 0:56:44]} 16. Re3
{[%clk 1:01:35]} Qd5 {[%clk 0:57:04]} 17. Nxc4 {[%clk 1:01:19]} b5
{[%clk 0:41:30]} 18. Qa3+ {[%clk 1:01:26]} b4 {[%clk 0:41:55]} 19. Qb3
{[%clk 0:59:05]} Nd4 {[%clk 0:41:06]} 20. Qxb4+ {[%clk 0:58:22]} c5
{[%clk 0:41:32]} 21. Qc3 {[%clk 0:58:10]} Rag8 {[%clk 0:26:57]} 22. g3
{[%clk 0:58:33]} Nxf3+ {[%clk 0:27:20]} 23. Rxf3 {[%clk 0:58:59]} Qxc4
{[%clk 0:27:40]} 24. Qf6+ {[%clk 0:59:26]} Kd7 {[%clk 0:27:56]} 25. Rd1+
{[%clk 0:59:47]} Kc8 {[%clk 0:19:12]} 26. Rfd3 {[%clk 0:56:57]} Qg4
{[%clk 0:14:32]} 27. Qe7 {[%clk 0:52:47]} Kb8 {[%clk 0:14:54]} 28. Qd6+
{[%clk 0:45:29]} Kb7 {[%clk 0:14:59]} 29. Ra3 {[%clk 0:39:19]} f6
{[%clk 0:12:46]} 30. Re1 {[%clk 0:38:56]} Bc4 {[%clk 0:08:20]} 31. Qxc5
{[%clk 0:39:03]} Kb8 {[%clk 0:06:17]} 32. Ra4 {[%clk 0:38:18]} Rc8
{[%clk 0:06:33]} 33. Qd6+ {[%clk 0:35:56]} Ka8 {[%clk 0:06:58]} 34. b3
{[%clk 0:33:12]} Rd7 {[%clk 0:07:23]} 35. Rxc4 {[%clk 0:31:03]} Rg8 1-0

[Event "Portugal Open 2020"]
[Site "Lisboa POR"]
[Date "2020.01.30"]
[Round "7.13"]
[White "SOUSA, Andre V"]
[Black "BAYRAMOV, Zaur"]
[Result "1/2-1/2"]
[BlackElo "2333"]
[WhiteElo "2391"]
[LiveChessVersion "1.4.8"]

1. e4 {[%clk 1:30:58]} g6 {[%clk 1:30:54]} 2. d4 {[%clk 1:31:24]} Bg7
{[%clk 1:31:19]} 3. Nf3 {[%clk 1:31:50]} c6 {[%clk 1:30:56]} 4. h3
{[%clk 1:32:17]} d5 {[%clk 1:30:54]} 5. e5 {[%clk 1:32:44]} f6 {[%clk 1:30:41]}
6. c4 {[%clk 1:31:47]} Nh6 {[%clk 1:26:55]} 7. Nc3 {[%clk 1:31:42]} fxe5
{[%clk 1:25:37]} 8. dxe5 {[%clk 1:29:33]} e6 {[%clk 1:25:05]} 9. Bd3
{[%clk 1:18:03]} Nf7 {[%clk 1:20:49]} 10. Bf4 {[%clk 1:17:49]} Nd7
{[%clk 1:18:40]} 11. cxd5 {[%clk 1:14:51]} Ndxe5 {[%clk 1:08:33]} 12. Bxe5
{[%clk 1:14:19]} Nxe5 {[%clk 1:07:25]} 13. Nxe5 {[%clk 1:14:30]} Bxe5
{[%clk 1:07:45]} 14. dxc6 {[%clk 1:14:33]} O-O {[%clk 1:04:56]} 15. O-O
{[%clk 1:12:57]} bxc6 {[%clk 1:04:45]} 16. Bc4 {[%clk 1:08:24]} Qf6
{[%clk 0:59:53]} 17. Qe2 {[%clk 1:07:10]} Bd4 {[%clk 0:52:36]} 18. Rae1
{[%clk 0:51:12]} Kh8 {[%clk 0:44:06]} 19. Ne4 {[%clk 0:49:05]} Qh4
{[%clk 0:36:48]} 20. Qd2 {[%clk 0:36:05]} e5 {[%clk 0:25:01]} 21. Ng5
{[%clk 0:35:30]} Qf4 {[%clk 0:24:25]} 22. Qxf4 {[%clk 0:34:43]} Rxf4
{[%clk 0:24:48]} 23. b3 {[%clk 0:30:21]} Kg7 {[%clk 0:23:39]} 24. Re2
{[%clk 0:27:47]} Bd7 {[%clk 0:18:41]} 25. Be6 {[%clk 0:17:46]} h6
{[%clk 0:14:49]} 26. Bxd7 {[%clk 0:17:58]} hxg5 {[%clk 0:15:12]} 27. Bxc6
{[%clk 0:18:18]} Rc8 {[%clk 0:15:07]} 28. Be4 {[%clk 0:18:14]} a5
{[%clk 0:13:59]} 29. Kh2 {[%clk 0:16:34]} Rc3 {[%clk 0:13:55]} 30. f3
{[%clk 0:15:55]} Rf8 {[%clk 0:12:40]} 31. Rd1 {[%clk 0:15:45]} Rfc8
{[%clk 0:12:51]} 32. Kg3 {[%clk 0:15:50]} Kf6 {[%clk 0:12:55]} 33. Red2
{[%clk 0:15:36]} Rd8 {[%clk 0:09:20]} 34. Kg4 {[%clk 0:16:04]} Rc7
{[%clk 0:07:34]} 35. Rh1 {[%clk 0:15:26]} Rh8 {[%clk 0:06:42]} 36. g3
{[%clk 0:15:09]} Rc3 {[%clk 0:05:32]} 37. Rhd1 {[%clk 0:12:52]} Rd8
{[%clk 0:05:48]} 38. Rh1 {[%clk 0:12:42]} Rh8 {[%clk 0:05:58]} 39. Rhd1
{[%clk 0:11:58]} Rd8 {[%clk 0:06:22]} 40. Rf1 {[%clk 0:12:26]} Rh8
{[%clk 0:06:08]} 41. Rc2 {[%clk 0:12:26]} Rxc2 {[%clk 0:04:29]} 42. Bxc2
{[%clk 0:12:52]} Rc8 {[%clk 0:04:34]} 43. Be4 {[%clk 0:13:20]} Be3
{[%clk 0:04:34]} 44. Rd1 {[%clk 0:13:46]} Bd4 {[%clk 0:04:45]} 45. Rb1
{[%clk 0:13:55]} Bc3 {[%clk 0:04:23]} 46. Rc1 {[%clk 0:07:17]} Rc5
{[%clk 0:04:19]} 47. Rb1 {[%clk 0:06:57]} Rc7 {[%clk 0:03:53]} 48. a3
{[%clk 0:06:48]} Bd4 {[%clk 0:04:14]} 49. b4 {[%clk 0:07:01]} axb4
{[%clk 0:03:16]} 50. Rxb4 {[%clk 0:06:27]} Bc5 {[%clk 0:01:29]} 51. Rb5
{[%clk 0:04:46]} Be3 {[%clk 0:01:30]} 52. Rd5 {[%clk 0:05:04]} Ke6
{[%clk 0:01:42]} 53. Ra5 {[%clk 0:05:25]} Rc1 {[%clk 0:01:33]} 54. Ra6+
{[%clk 0:05:10]} Ke7 {[%clk 0:01:56]} 55. Rxg6 {[%clk 0:05:25]} Rg1
{[%clk 0:01:52]} 56. h4 {[%clk 0:05:30]} gxh4 {[%clk 0:01:37]} 57. Kxh4
{[%clk 0:05:57]} Bf2 {[%clk 0:01:25]} 58. Kh3 {[%clk 0:06:06]} Ra1
{[%clk 0:01:34]} 59. Kg2 {[%clk 0:05:26]} Bc5 {[%clk 0:01:45]} 60. Bd5
{[%clk 0:05:13]} Bd6 {[%clk 0:01:30]} 61. Rg7+ {[%clk 0:05:07]} Kf6
{[%clk 0:01:29]} 62. Rf7+ {[%clk 0:04:45]} Kg6 {[%clk 0:01:48]} 63. Rb7
{[%clk 0:04:40]} Bxa3 {[%clk 0:01:57]} 64. Be4+ {[%clk 0:05:07]} Kf6
{[%clk 0:01:51]} 65. Rb6+ {[%clk 0:05:32]} Ke7 {[%clk 0:01:36]} 66. Kh3
{[%clk 0:05:54]} Bc5 {[%clk 0:01:23]} 67. Rb5 {[%clk 0:05:14]} Bd4
{[%clk 0:01:37]} 68. Kh4 {[%clk 0:05:37]} Kf6 {[%clk 0:01:27]} 69. Rd5
{[%clk 0:05:47]} Rh1+ {[%clk 0:01:27]} 70. Kg4 {[%clk 0:06:15]} Rg1
{[%clk 0:01:08]} 71. f4 {[%clk 0:05:35]} exf4 {[%clk 0:01:15]} 72. Rxd4
{[%clk 0:05:10]} Ke5 {[%clk 0:01:29]} 73. Ra4 {[%clk 0:05:37]} Rxg3+
{[%clk 0:01:47]} 74. Kh4 {[%clk 0:06:04]} Rg8 {[%clk 0:01:56]} 75. Bb1
{[%clk 0:05:11]} Rg1 {[%clk 0:01:45]} 76. Be4 {[%clk 0:04:46]} Rg8
{[%clk 0:01:29]} 77. Bf3 {[%clk 0:05:08]} Rh8+ {[%clk 0:01:14]} 78. Bh5
{[%clk 0:05:24]} Rg8 {[%clk 0:01:19]} 79. Kh3 {[%clk 0:05:50]} Rg3+
{[%clk 0:01:30]} 80. Kh2 {[%clk 0:06:15]} Rg8 {[%clk 0:01:48]} 81. Rb4
{[%clk 0:06:28]} Rg3 {[%clk 0:01:55]} 82. Ra4 {[%clk 0:06:47]} Rg8
{[%clk 0:02:19]} 83. Bd1 {[%clk 0:07:15]} Rg3 {[%clk 0:02:25]} 84. Bc2
{[%clk 0:07:36]} Rc3 {[%clk 0:02:01]} 85. Re4+ {[%clk 0:07:50]} Kd5
{[%clk 0:02:15]} 86. Re2 {[%clk 0:08:19]} Rg3 {[%clk 0:02:01]} 87. Bf5
{[%clk 0:08:19]} Re3 {[%clk 0:02:20]} 88. Ra2 {[%clk 0:08:29]} Rg3
{[%clk 0:02:13]} 89. Rg2 {[%clk 0:08:02]} Ke5 1/2-1/2

[Event "Portugal Open 2020"]
[Site "Lisboa POR"]
[Date "2020.01.30"]
[Round "7.14"]
[White "SABUK, Piotr"]
[Black "MARTIN DUQUE, Jesus"]
[Result "1-0"]
[BlackElo "2447"]
[WhiteElo "2360"]
[LiveChessVersion "1.4.8"]

1. d4 {[%clk 1:30:56]} Nf6 2. c4 {[%clk 1:31:12]} e6 {[%clk 1:31:26]} 3. Nf3
{[%clk 1:31:26]} c5 {[%clk 1:31:51]} 4. d5 {[%clk 1:28:52]} exd5 {[%clk 1:32:16]}
5. cxd5 {[%clk 1:29:17]} d6 {[%clk 1:32:43]} 6. Nc3 {[%clk 1:29:07]} g6
{[%clk 1:33:09]} 7. h3 {[%clk 1:29:01]} Bg7 {[%clk 1:33:09]} 8. Bf4
{[%clk 1:28:17]} O-O {[%clk 1:31:21]} 9. e3 {[%clk 1:28:10]} a6 {[%clk 1:19:55]}
10. a4 {[%clk 1:27:23]} Qe7 {[%clk 1:20:11]} 11. Be2 {[%clk 1:22:56]} Nbd7
{[%clk 1:17:47]} 12. O-O {[%clk 1:23:00]} Rb8 {[%clk 1:14:42]} 13. Re1
{[%clk 1:16:56]} Ne8 {[%clk 1:08:24]} 14. e4 {[%clk 0:59:50]} Ne5
{[%clk 1:06:26]} 15. Nxe5 {[%clk 0:59:34]} Bxe5 {[%clk 1:04:50]} 16. Bh6
{[%clk 0:57:11]} Ng7 {[%clk 0:59:02]} 17. Qd2 {[%clk 0:52:24]} f5
{[%clk 0:51:29]} 18. exf5 {[%clk 0:51:49]} Bxf5 {[%clk 0:50:19]} 19. Bf1
{[%clk 0:41:33]} Qh4 {[%clk 0:40:21]} 20. Rxe5 {[%clk 0:27:05]} dxe5
{[%clk 0:38:46]} 21. g4 {[%clk 0:27:23]} Bxg4 {[%clk 0:32:07]} 22. hxg4
{[%clk 0:27:01]} Qxg4+ {[%clk 0:27:49]} 23. Bg2 {[%clk 0:26:29]} Nf5
{[%clk 0:21:50]} 24. f3 {[%clk 0:25:22]} Qd4+ {[%clk 0:17:57]} 25. Qxd4
{[%clk 0:24:30]} cxd4 {[%clk 0:16:57]} 26. Bxf8 {[%clk 0:24:38]} dxc3
{[%clk 0:16:37]} 27. Bb4 {[%clk 0:22:53]} c2 {[%clk 0:10:12]} 28. Rc1
{[%clk 0:19:58]} Nd4 {[%clk 0:07:40]} 29. Kf2 {[%clk 0:19:20]} Rd8
{[%clk 0:07:27]} 30. Bc3 {[%clk 0:16:46]} Rxd5 {[%clk 0:06:43]} 31. f4
{[%clk 0:16:05]} Rc5 {[%clk 0:06:49]} 32. fxe5 {[%clk 0:15:56]} Ne6
{[%clk 0:07:18]} 33. Bxb7 {[%clk 0:12:47]} 1-0

[Event "Portugal Open 2020"]
[Site "Lisboa POR"]
[Date "2020.01.30"]
[Round "7.15"]
[White "GAHAN, M G"]
[Black "JARACZ, Pawel"]
[Result "0-1"]
[BlackElo "2466"]
[WhiteElo "2245"]
[LiveChessVersion "1.4.8"]

1. e4 {[%clk 1:23:35]} e6 {[%clk 1:30:50]} 2. b3 {[%clk 1:23:31]} d5
{[%clk 1:30:47]} 3. Bb2 {[%clk 1:23:56]} dxe4 {[%clk 1:30:35]} 4. Nc3
{[%clk 1:24:21]} Nf6 {[%clk 1:30:54]} 5. g4 {[%clk 1:23:23]} Bd7 {[%clk 1:30:46]}
6. Bg2 {[%clk 1:23:42]} Bc6 {[%clk 1:31:02]} 7. Qe2 {[%clk 1:24:00]} h5
{[%clk 1:29:56]} 8. gxh5 {[%clk 1:19:44]} Bb4 {[%clk 1:03:12]} 9. O-O-O
{[%clk 1:07:01]} Bxc3 {[%clk 1:03:21]} 10. dxc3 {[%clk 1:01:23]} Nbd7
{[%clk 1:02:21]} 11. f3 {[%clk 0:59:16]} Qe7 {[%clk 0:49:54]} 12. fxe4
{[%clk 0:58:41]} Qc5 {[%clk 0:46:13]} 13. c4 {[%clk 0:53:38]} O-O-O
{[%clk 0:42:01]} 14. Kb1 {[%clk 0:49:17]} Nxh5 {[%clk 0:36:11]} 15. Nh3
{[%clk 0:48:19]} e5 {[%clk 0:35:54]} 16. Bf3 {[%clk 0:47:10]} g6 {[%clk 0:32:19]}
17. Rhf1 {[%clk 0:41:51]} Qe7 {[%clk 0:30:44]} 18. Qe3 {[%clk 0:37:55]} b6
{[%clk 0:30:47]} 19. Rd2 {[%clk 0:37:36]} f6 {[%clk 0:28:33]} 20. Ng1
{[%clk 0:35:39]} Nf4 {[%clk 0:28:04]} 21. Ne2 {[%clk 0:35:41]} Rxh2
{[%clk 0:23:38]} 22. Nxf4 {[%clk 0:34:41]} exf4 {[%clk 0:24:01]} 23. Qxf4
{[%clk 0:34:59]} Rxd2 {[%clk 0:24:20]} 24. Qxd2 {[%clk 0:35:24]} Ne5
{[%clk 0:23:43]} 25. Qe3 {[%clk 0:30:14]} Nxf3 {[%clk 0:23:24]} 26. Rxf3
{[%clk 0:30:17]} Rd1+ {[%clk 0:20:28]} 27. Bc1 {[%clk 0:30:45]} Bxe4
{[%clk 0:18:56]} 28. c5 {[%clk 0:29:02]} Re1 {[%clk 0:17:12]} 29. Qf4
{[%clk 0:27:54]} Bxf3 {[%clk 0:16:51]} 30. Qxf3 {[%clk 0:28:19]} Qxc5
{[%clk 0:16:21]} 31. Qxf6 {[%clk 0:27:45]} Qe3 {[%clk 0:16:21]} 0-1